| 000 | 00588nam a2200253Ia 4500 | ||
|---|---|---|---|
| 003 | OSt | ||
| 005 | 20221006154245.0 | ||
| 006 | a|||||r|||| 00| 0 | ||
| 007 | ta | ||
| 008 | 221006b |||||||| |||| 00| 0 chi d | ||
| 024 | _a34,853 | ||
| 037 | _cTextual | ||
| 040 |
_aEASL _cEASL _bchi |
||
| 041 |
_2chi _achi |
||
| 082 | _aR8413, P7 | ||
| 100 |
_aHuai Zutang _9667151 |
||
| 245 | 0 |
_aTao _b The Way |
|
| 260 | _c2007 | ||
| 300 |
_a393p. _ccm. |
||
| 490 | _v CL | ||
| 650 |
_aCL _9642733 |
||
| 942 |
_hR8413, P7 _cTEXL _2CC |
||
| 999 |
_c1102939 _d1102939 |
||